Normal view
MARC view
- الاستثمار المالي-الاقتصاد الاسلامي-البنوك الاسلامية
Entry Topical Term
001 - CONTROL NUMBER
- control field: 45011
003 - CONTROL NUMBER IDENTIFIER
- control field: JO-AjAnu
005 - DATE AND TIME OF LATEST TRANSACTION
- control field: 20230606081441.0
008 - FIXED-LENGTH DATA ELEMENTS
- fixed length control field: 230606|| aca||aabn | a|a d
040 ## - CATALOGING SOURCE
- Original cataloging agency: JO-AjAnu
- Transcribing agency: JO-AjAnu
150 ## - HEADING--TOPICAL TERM
- Topical term or geographic name entry element: الاستثمار المالي-الاقتصاد الاسلامي-البنوك الاسلامية
670 ## - SOURCE DATA FOUND
- Source citation: Work cat.: (JO-AjAnu)23048: العيادي، حمد صبحي, author 45010, أدوات الإستثمار الإسلامية :البيوع-القروض-الخدمات المصرفية